Design thinking: new product development essentials from the PDMA. (Record no. 197016)
[ view plain ]
| 000 -LEADER | |
|---|---|
| fixed length control field | 00480nam a2200145Ia 4500 |
| 008 - FIXED-LENGTH DATA ELEMENTS--GENERAL INFORMATION | |
| fixed length control field | 210716s2018 xx 000 0 und d |
| 020 ## - INTERNATIONAL STANDARD BOOK NUMBER | |
| International Standard Book Number | 9788126573066 |
| 041 ## - LANGUAGE CODE | |
| Language code of text/sound track or separate title | eng |
| 082 ## - DEWEY DECIMAL CLASSIFICATION NUMBER | |
| Classification number | 729 LUCM |
| 100 ## - MAIN ENTRY--PERSONAL NAME | |
| Personal name | Luchs, Michael G; Swan, K Scott; Griffin, Abbie. |
| 245 ## - TITLE STATEMENT | |
| Title | Design thinking: new product development essentials from the PDMA. |
| Remainder of title | New product development essentials from the PDMA. |
| 250 ## - EDITION STATEMENT | |
| Edition statement | 1 |
| 260 ## - PUBLICATION, DISTRIBUTION, ETC. | |
| Place of publication, distribution, etc. | New Delhi |
| Name of publisher, distributor, etc. | Wiley India Pvt Ltd |
| Date of publication, distribution, etc. | 2018 |
| 300 ## - PHYSICAL DESCRIPTION | |
| Extent | xvii,431 |
| Withdrawn status | Lost status | Damaged status | Not for loan | Collection code | Home library | Current library | Source of acquisition | Cost, normal purchase price | Total Checkouts | Full call number | Barcode | Date last seen | Date last checked out | Cost, replacement price | Price effective from | Koha item type |
|---|---|---|---|---|---|---|---|---|---|---|---|---|---|---|---|---|
| MCA | St Aloysius Institute of Management & Information Technology | St Aloysius Institute of Management & Information Technology | Knowledge World | 999.00 | 3 | 729 LUCM | MCA16531 | 08/07/2025 | 11/02/2023 | 749.25 | 07/16/2021 | Book |